Geografía de la argentina /

Guardado en:
Autor Principal: Lorenzini, Horacio N.
Formato: Libro
Publicado: Buenos Aires : A-z, 1993
Edición:6a. ed.
Materias:
Etiquetas: Agregar Etiqueta
Sin Etiquetas, Sea el primero en etiquetar este registro!
LEADER 00957nam a22002175a 4500
001 CEM.cems016867
005 20110624100104.0
008 130507s1993##################000#0#####d
003 CEMS
020 |a 950534059 
082 0 4 |a 918.2 
100 1 |a Lorenzini, Horacio N. 
245 1 0 |a Geografía de la argentina /  |c Horacio N Lorenzini, Raúl Rey Balmaceda 
250 |a 6a. ed. 
260 |a Buenos Aires :  |b A-z,  |c 1993 
300 |a 231 p. 
505 0 |a El territorio -- Climas y biomas -- Hidrografía continental -- La población -- El noroeste -- Cuyo -- Sierras pampeanas -- Patagonia -- Meseta subtropical -- Llanura chaco-pampeana - Porción oceánica -- Antártida argentina -- La Argentina y el mundo 
653 |a Geografía argentina 
859 |a CEMS  |b BIB. CEMS - Agricultura  |h 918.2  |i L887-2  |p A17476.93  |t Ej.1 
859 |a CEMS  |b BIB. CEMS - Agricultura  |h 918.2  |i L887-2  |p A17477.93  |t Ej.2 
859 |a CEMS  |b BIB. CEMS - Agricultura  |h 918.2  |i L887-2  |p A17482.93  |t Ej.3